000 00451nam a2200157Ia 4500
999 _c22098
_d22098
003 OSt
005 20200519100409.0
008 190216s9999||||xx |||||||||||||| ||und||
040 _coclc
082 _a297
_bMAU/F
100 _aMaududi, Abdulla
_92408
245 0 _aFundamentals Of Islam /
_cAbdulla Maududi
260 _bMarkazi Maktaba Islami,
_c1978.
_aDelhi:
300 _a262p
942 _cBK
_2ddc
_h297
_iMAU/F
_k297
_mMAU/F